Una excursión a los indios ranqueles; tomo ii /

Guardado en:
Autor Principal: Mansilla, Lucio V.
Formato: Libro
Publicado: Buenos Aires : La Naci¢n, 1909
Series:Bibl. de la Naci¢n
Materias:
Etiquetas: Agregar Etiqueta
Sin Etiquetas, Sea el primero en etiquetar este registro!
LEADER 00588nam a22002055a 4500
001 CEM.cems004121
005 20060216000000.0
008 130507s1909##################000#0#####d
003 CEMS
082 0 4 |a A868.2 
100 1 |a Mansilla, Lucio V. 
245 1 0 |a Una excursión a los indios ranqueles; tomo ii / 
260 |a Buenos Aires :  |b La Naci¢n,  |c 1909 
300 |a 335 p. 
490 0 |a Bibl. de la Naci¢n 
653 |a Cronicas 
653 |a Historia argentina 
653 |a Literatura 
653 |a Literatura argentina 
859 |a CEMS  |b BIB. CEMS - 11 de abril  |h A868.2  |i M317-3/II  |p 9445.81  |t Ej.1